The dragon finds its voice / (Record no. 3308)

MARC details
000 -LEADER
fixed length control field 00420nam a2200157 4500
001 - CONTROL NUMBER
control field 4044
005 - DATE AND TIME OF LATEST TRANSACTION
control field 20181127172511.0
020 00 - INTERNATIONAL STANDARD BOOK NUMBER
International Standard Book Number 9789993631118
090 00 - LOCALLY ASSIGNED LC-TYPE CALL NUMBER (OCLC); LOCAL CALL NUMBER (RLIN)
Classification number (OCLC) (R) ; Classification number, CALL (RLIN) (NR) 954.98 A957d 2013
100 00 - MAIN ENTRY--PERSONAL NAME
Personal name Avleson, Bunty.
245 00 - TITLE STATEMENT
Title The dragon finds its voice /
Remainder of title
Statement of responsibility, etc. Bunty avieson.
Medium
260 00 - PUBLICATION, DISTRIBUTION, ETC.
Place of publication, distribution, etc. Thimphu :
Name of publisher, distributor, etc. Bhutan Observer,
Date of publication, distribution, etc. 2013.
300 00 - PHYSICAL DESCRIPTION
Extent 200 p. ; 21 cm.
650 00 - SUBJECT ADDED ENTRY--TOPICAL TERM
Topical term or geographic name entry element Journalism --Bhutan.
General subdivision
Topical term or geographic name entry element newspapers --Bhutan
General subdivision
Holdings
Withdrawn status Lost status Source of classification or shelving scheme Damaged status Not for loan Collection code Home library Current library Shelving location Date acquired Serial Enumeration / chronology Inventory number Total Checkouts Full call number Barcode Date last seen Date last checked out Price effective from Koha item type
    Dewey Decimal Classification     Main TEST RTC Library RTC Library Main opac 11/05/2021 6787 5 954.98 AVI 30006808 31/05/2021 11/05/2021 27/11/2018 Main
Royal Thimphu College || All Right Reserved